Poética de un mundo habitado (Registro nro. 21587)
[ vista simple ]
| 000 -Cabecera | |
|---|---|
| Campo de control interno | 00479nam a22002057a 4500 |
| 005 - Fecha y hora del registro | |
| control field | 20260319103035.0 |
| 008 - Elementos de Longitud Fija | |
| fixed length control field | 260319b |||||||| |||| 00| 0 spa d |
| 041 ## - Idioma | |
| Codigo Idioma | ESP |
| 082 ## - DEWEY y NOTACIÓN INTERNA | |
| Dewey | 720.4 |
| Notación Interna | R63 T. 1 |
| 100 ## - AUTOR | |
| Autor denominación | Ríos Vizcarra, Gonzalo |
| 245 ## - TÍTULO DE MATERIAL BIBLIOGRÁFICO | |
| Título | Poética de un mundo habitado |
| 260 ## - CIUDAD, EDITORIAL, AÑO | |
| Ciudad | : |
| Nombre de la Editorial | , |
| Año | 2018 |
| 300 ## - DESCRIPCIÓN | |
| N° Páginas | 302 páginas : |
| Otros detalles | ; |
| Dimensiones | 26 cm. |
| 440 ## - MENCIÓN DE SERIE | |
| Título de la Serie | ; |
| 650 ## - TEMAS | |
| Temas | Las Artes |
| 654 ## - PROGRAMAS | |
| Programa | Dpto. de Humanidades |
| 700 ## - OTROS AUTORES | |
| Otros autores | ; |
| 942 ## - ELEMENTOS DE KOHA | |
| Tipo de documento | Bibliografía |
| Nombre del creador | Justo Noguera |
| Código de catalogador | Justo Noguera |
| Esquema de clasificación | Dewey Decimal Classification |
| Codigo completo | Registro | Colección | Copia número | Disponibilidad | Tipo de préstamo | Biblioteca Actual | Procedencia (Biblioteca) | Ubicacón | Fecha Ingreso | Tipo de Adquisición | Date last seen | Total checkouts | Date last checked out | Price effective from | Tipo de Item | Estado del Material | Fuente de Clasificación | Damaged status | Withdrawn status |
|---|---|---|---|---|---|---|---|---|---|---|---|---|---|---|---|---|---|---|---|
| 720.4 R63 T. 1 | 1073896 | Universidad Católica San Pablo | 1 | Disponible | Disponible | Víctor Andrés Belaunde | Víctor Andrés Belaunde | Segundo piso | 19/03/2026 | Compra | 24/03/2026 | 1 | 19/03/2026 | 19/03/2026 | Bibliografía | Bueno | Dewey Decimal Classification |




